000 01647nam2a2200289 4500
001 rc\3028799
005 20260315065014.0
035 _a(NLR Aleph) 007169884
090 _a13620588
_c13620588
100 _a20110930d1940 u y0rusy50 ca
101 0 _arus
102 _aRU
105 _aa z |||||
200 0 _aТ. 1
_f[К. А. Виноградов, Р.Г. Зах, Ю.М. Кострикин и др.]
210 _d1940
215 _a256 с., 1 вкл. л. черт.
_cил., черт.
300 _aКоллективный труд работников Всес. теплотехн. ин-та им. Ф. Дзержинского и приборостроит. орг-ций
320 _aАлф. указатель: с. 255-6
461 0 _1001rc\3028798
_12000#$aПриборы теплового контроля электростанций$eУтв. ГУУЗ НКЭП СССР в качестве учебника для курсов мастеров соц. труда. Т. 1 -$fПод ред. инж. Г.Е. Холодовского$vТ. 1
_97335063
_cМосква
_d1940
_fПод ред. инж. Г.Е. Холодовского
_nГосэнергоиздат
_oУтв. ГУУЗ НКЭП СССР в качестве учебника для курсов мастеров соц. труда. Т. 1 -
_tПриборы теплового контроля электростанций
_vТ. 1
702 1 _aВиноградов
_bК.А.
_4220
702 1 _aЗах
_bР.Г.
_4220
702 1 _aКострикин
_bЮ.М.
_4220
801 0 _aRU
_bNLR
_gpsbo
801 1 _aRU
_bELAR
_2rusmarc
852 _aNLR
_j40-19/37(1)
942 _cUNSPEC
980 _aNB